La información contable y la rentabilidad del capital (Registro nro. 1836)
[ vista simple ]
| 000 -LEADER | |
|---|---|
| fixed length control field | 01055 a2200193 4500 |
| 001 - CONTROL NUMBER | |
| control field | 29286 |
| 005 - DATE AND TIME OF LATEST TRANSACTION | |
| control field | 20260407155602.0 |
| 008 - FIXED-LENGTH DATA ELEMENTS--GENERAL INFORMATION | |
| fixed length control field | 260407a1976 arg spa d |
| 003 - CONTROL NUMBER IDENTIFIER | |
| control field | AR-UNSa-BCEJYS |
| 040 ## - CATALOGING SOURCE | |
| Original cataloging agency | AR-UNSa-BCEJYS |
| Language of cataloging | spa |
| Transcribing agency | AR-UNSa-BCEJYS |
| 080 ## - UNIVERSAL DECIMAL CLASSIFICATION NUMBER | |
| Universal Decimal Classification number | 657.41 |
| Common auxiliary subdivision | Contabilidad Financiera |
| 100 1# - MAIN ENTRY--PERSONAL NAME | |
| Personal name | Arreghini, Hugo Ricardo |
| 245 10 - TITLE STATEMENT | |
| Title | La información contable y la rentabilidad del capital |
| 264 #1 - PRODUCTION, PUBLICATION, DISTRIBUTION, MANUFACTURE, AND COPYRIGHT NOTICE | |
| Place of production, publication, distribution, manufacture | Buenos Aires : |
| Name of producer, publisher, distributor, manufacturer | El Coloquio |
| Date of production, publication, distribution, manufacture, or copyright notice | 1976 |
| 300 ## - PHYSICAL DESCRIPTION | |
| Extent | 95 p. |
| Dimensions | 22 cm. |
| 505 ## - FORMATTED CONTENTS NOTE | |
| Formatted contents note | 1. Medida de la eficacia en la aplicación del capital - 2. Razones que justifican la medición con alcance diverso - 3. Los estados contables y la determinación de los factores basicosque permiten el calculo de la rentabilidad - 4. Deterioro del signo monetario y su incidencia en el calculo de la rentabilidad - 5. Capital aplicado - 6. Posibilidad de caracterizar al capital y asignarlo a conjuntos de resultados - 7. Otros elementos utilizados para profundizar interpretacion de la rentabilidad. |
| 590 ## - LOCAL NOTE (RLIN) | |
| Local note | niveau_biblio:m niveau_hierar:0 |
| 942 ## - ADDED ENTRY ELEMENTS (KOHA) | |
| Koha item type | |
| Withdrawn status | Lost status | Damaged status | Not for loan | Home library | Current library | Shelving location | Date acquired | Total checkouts | Full call number | Barcode | Date last seen | Price effective from | Koha item type |
|---|---|---|---|---|---|---|---|---|---|---|---|---|---|
| Biblioteca Prof. Eusebio Cleto del Rey | Biblioteca Prof. Eusebio Cleto del Rey | 07/04/2026 | 657.41 A774i | L12586 | 07/04/2026 | 07/04/2026 | Libro | ||||||
| Biblioteca Prof. Eusebio Cleto del Rey | Biblioteca Prof. Eusebio Cleto del Rey | 07/04/2026 | 657.41 A774i | L12587 | 07/04/2026 | 07/04/2026 | Libro |